000 00783nas a2200253 454500
001 IICA0600333
003 BR-BrBNA
005 20260323111510.0
007 ta
008 260323b bl.|||p| |||| 00| 00por d
040 _aBR-BrBNA
_bpor
_cBiblioteca Nacional de Agricultura
041 _a(Es, En)
072 _aA01; E70
100 1 _aMcDonald, R.S.
245 1 _aCanada : un mercado emergente para productos organicos ; Canada : an emergent market for organic products
300 _av. 5 (17) p. 14-22
650 _aAGRICULTURA ORGANICA
650 _aPRODUCAO ORGANICA
650 _aCOMERCIO INTENO
650 _aCOMERCIO EXTERNO
773 0 _tCOMUNIICA (IICA)
_g2001, v. 5 (17) p. 14-22
_wIICA0600333
909 _a202603
_bLúcia
_c55
_dLúcia Elande
942 _2IICA
_n0
_cANA
999 _c340585
_d340585